000 00840cam a2200253 4500
001 ##L134141
008 060713n2006 000 0 eng u
020 _a0860176460
035 _a(Sirsi) u134141
050 0 4 _a631.2 $2 18
100 1 _aPepper, Harry W
245 0 0 _aWildlife fencing design guide
260 _aLondon
_bCIRIA
_c2006
300 _a60p.
_bill.
_c30cm.
350 _a80.00
490 0 _aCIRIA
_vC646
520 _aOffers guidance on the design of fencing for the control of wildlife. Includes detailed information on the types of fencing required to control different species, and advises on fencing along roads.
590 _aIKA230806
651 4 _aUnited Kingdom
_y
690 _aPROPERTY-RURAL AND NATURAL ASSETS-AGRICULTURAL PROPERTY
700 1 _aHolland, Mark
700 1 _aTrout, Roger
942 _n0
999 _c105560
_d105560